| 000 | 00675nam a2200217 a 4500 | ||
|---|---|---|---|
| 005 | 20210219153157.0 | ||
| 008 | 991125n 000 0 eng u | ||
| 035 | _aUPN01000082065 | ||
| 100 | _aMitchell, Murray F. | ||
| 222 | _aPHYSICAL EDUCATOR | ||
| 245 | _aImproving the student teaching experience : looking to the research for guidance / Murray F. Mitchell, Susan Schwoger | ||
| 300 | _a31-38 | ||
| 362 | _a1993 50, no. 1 | ||
| 653 | 0 | _aEDUCACION FISICA | |
| 653 | 0 | _aEFICACIA DEL MAESTRO | |
| 653 | 0 | _aENSE\197ANZA DEL ESTUDIANTE | |
| 653 | 0 | _aEXPERIENCIA EN ENSE\197ANZA | |
| 700 | _aSchwoger, Susan, coaut. | ||
| 904 |
_aAC _b019876 |
||
| 905 | _aArticulo | ||
| 999 |
_c70260 _d70260 |
||